skbl

Dr Suryya Kumar Bhuyan Library Web-OPAC
ডঃ সূৰ্য্য
কুমাৰ ভূঞা পুথিভঁৰাল ৱেব-অ'পেক

All Research Scholars are advised to clear the annual library fees to continue using Library Resources, Remote Access, Plagiarism Test and Library Clearance.

Cotton University Book Fair 2026

Manual of Practical Microbiology and Parasitology (Record no. 57424)

MARC details
000 -LEADER
fixed length control field 00603nam a2200205Ia 4500
001 - CONTROL NUMBER
control field 57513
008 - FIXED-LENGTH DATA ELEMENTS--GENERAL INFORMATION
fixed length control field 140417n2012 ii |||gr||||Z||||||465
020 ## - INTERNATIONAL STANDARD BOOK NUMBER
International Standard Book Number 81-7381-556-9
082 ## - DEWEY DECIMAL CLASSIFICATION NUMBER
Classification number 616
245 #0 - TITLE STATEMENT
Title Manual of Practical Microbiology and Parasitology
Statement of responsibility, etc. P. Chakraborty & Nishith K. Pal
Medium Textual Documents
250 ## - EDITION STATEMENT
Edition statement Ist ed.
260 ## - PUBLICATION, DISTRIBUTION, ETC.
Place of publication, distribution, etc. West Bengal
Name of publisher, distributor, etc. New Central Book Agency
Date of publication, distribution, etc. 2012
300 ## - PHYSICAL DESCRIPTION
Extent 239pg:
Dimensions 23cm.
653 ## - INDEX TERM--UNCONTROLLED
Uncontrolled term PG- Diseases
653 ## - INDEX TERM--UNCONTROLLED
Uncontrolled term Microbiology
653 ## - INDEX TERM--UNCONTROLLED
Uncontrolled term Parasitology
700 ## - ADDED ENTRY--PERSONAL NAME
Personal name Chakraborty, P. ,
Relator term Author.
700 ## - ADDED ENTRY--PERSONAL NAME
Personal name Pal, Nishith K. ,
Relator term Author.,
942 ## - ADDED ENTRY ELEMENTS (KOHA)
Source of classification or shelving scheme Dewey Decimal Classification
Koha item type Books
Holdings
Withdrawn status Lost status Damaged status Not for loan Collection Home library Current library Shelving location Date acquired Coded location qualifier Cost, normal purchase price Total checkouts Full call number Barcode Date last seen Copy number Price effective from Koha item type
          Dr. Suryya Kumar Bhuyan Library Dr. Suryya Kumar Bhuyan Library   17/04/2014 00000 285.00   616.92 Ch 349 Ma 2837/El 14/01/2024 1 17/04/2014 Books

Designed and Maintained by Team SKBL
©1901-2026

Powered by Koha